LDR 00843naa#a2200169#i#450# 001 EN\RIOR\bibl\126080 005 20260629113233.1 011 ## _a2409-6024 100 ## _a20260530b2026####ek#y0engy0150####ca 102 ## _aRU 200 1# _aTheoretical foundations for increasing the export potential of agricultural holdings based on the concept of sustainable development _eJournal article 210 1# _aMoscow _cPublishing Center RIOR _d2026 215 ## _a9 с. 608 ## _aJournal article _2local 675 ## _aВнешняя торговля. Международная торговля. Внешнеторговая политика. Таможенные пошлины. 339.5 _aОрганизация и управление сельскохозяйственным производством. 631.1 _z 700 #1 _aNaumova _gTatiana Alexandrovna 856 4# _arusjm.ru _u